Which of the Baltic States - Statistics

General Stats
  • This quiz has been taken 75 times
  • The average score is 9 of 13
Answer Stats
Question Answer % Correct
Is in the European Union All
100%
Is the northernmost? Estonia
100%
Is part of the Finno-Ugric language group? Estonia
100%
Has a land border with four other countries? Latvia and Lithuania
88%
Has the most cities and towns? Lithuania
88%
Has at least one island? Estonia
63%
Has a shared lake with Russia Estonia
63%
Has about a third of its population living in the capital? Estonia and Latvia
63%
Was the first Baltic to gain independence from the USSR? Lithuania
63%
Has the biggest capital by population? Latvia
50%
Has a shared peninsula with Russia? Lithuania
38%
Was the last Baltic to gain independence from the USSR? Latvia
25%
Has the longest alphabet Latvia
13%
No matching quizzes found
Score Distribution
Percent of People with Each Score
Percentile by Number Answered
Your Score History
You have not taken this quiz